| 000 | 00352nam a2200133Ia 4500 | ||
|---|---|---|---|
| 008 | 240624s9999 xx 000 0 und d | ||
| 041 | _aeng | ||
| 082 | _a332.0973 IVR | ||
| 100 | _aIVRY BOB | ||
| 245 | _aSEVEN SINS OF WALL STREET BIG BANKS THEI | ||
| 260 |
_c2014 _aNew York _bPublic Affairs |
||
| 300 | _axxiii, : 275 : p. : cm. ; 24 | ||
| 365 |
_c _b38 |
||
| 999 |
_c28384 _d28384 |
||